Impacto de las escuelas radiofónicas de América Latina en la educación : una perspectiva evaluativa.

Zapisane w:
Opis bibliograficzny
1. autor: Mcanany, Emile G. (autor)
Format: Nieznany
Język:hiszpański
Hasła przedmiotowe:
Dostęp online:Ver documento en línea
Etykiety: Dodaj etykietę
Nie ma etykietki, Dołącz pierwszą etykiete!

MARC

LEADER 00000c**#a2200000ua#4500
001 000499740
003 DLC
005 20260411000000.0
008 070820c^^^^9999^^^^r1^^^^^^^^0^^^^0spa^d
009 20260411194111.605
022 |a 01851284 
035 |a FCE 000043792 
037 |a Acervo ITESO - Biblioteca 
041 |a spa 
095 |a RLEE  |b 75-2-9. 
100 |a Mcanany, Emile G.  |e (autor) 
245 1 0 |a Impacto de las escuelas radiofónicas de América Latina en la educación :  |b una perspectiva evaluativa. 
264 |a México :  |b Centro de Estudios Educativos,  |c 1975. 
336 |a texto  |b txt  |2 rdacontenido 
337 |a sin mediación  |b n  |2 rdamedio 
338 |a volumen  |b nc  |2 rdasoporte 
649 |a XX 
650 |a Educación no formal 
650 |a Escuela radiofónica 
650 |a Evaluación de la educación 
650 |a América Latina 
740 |g vol. 5, no. 2, 1975, pp. 9-25.  |t Revista Latinoamericana de Estudios Educativos. Artículos, 
856 4 0 |u https://www.cee.edu.mx/rlee/revista/r1971_1980/r_texto/t_1975_2_02.pdf  |y Ver documento en línea 
910 |a Fondo Centro de Estudios Educativos 
920 |a Impresos - Libros 
930 |a Fondos Especiales 
905 |a 133 
902 |a https://opac.biblio.iteso.mx/vufind/Record/000499740